LEADER 00981nam--2200361---450- 001 990002088230203316 005 20041018120946.0 035 $a000208823 035 $aUSA01000208823 035 $a(ALEPH)000208823USA01 035 $a000208823 100 $a20041018d1963----km-y0itay0103----ba 101 0 $aita 102 $aIT 105 $a||||||||001yy 200 1 $a<> tutela cautelare$eprofilo sistematico$fCarlo Calvosa 210 $aTorino$cUTET$d1963 215 $a465 p.$d25 cm 225 2 $aStudi di diritto e procedura civile 410 0$12001$aStudi di diritto e procedura civile 454 1$12001 461 1$1001-------$12001 606 0 $aTutela 676 $a347 700 1$aCALVOSA,$bCarlo$0234625 801 0$aIT$bsalbc$gISBD 912 $a990002088230203316 951 $aIG IV 6 18$b2355 G.$cIG IV 6 959 $aBK 969 $aGIU 979 $aSIAV4$b10$c20041018$lUSA01$h1209 996 $aTutela cautelare$91042464 997 $aUNISA LEADER 00973nam--2200301---450- 001 990005815490203316 005 20130308130157.0 035 $a000581549 035 $aUSA01000581549 035 $a(ALEPH)000581549USA01 035 $a000581549 100 $a20130308d19..----km-y0itay50------ba 101 $aita 102 $aIT 105 $a||||||||001yy 200 1 $aNuovo aggruppamento semplice e razionale dei versi e delle strofe oraziane con un'appendice sui Carmi di Catullo$fPietro Parrella 205 $a4. ed 210 $aFirenze$cOfiria$d[19..?] 215 $a45 p.$d20 cm 700 1$aPARRELLA,$bPietro$0187272 801 0$aIT$bsalbc$gISBD 912 $a990005815490203316 951 $aXV.8. 1484$b222606 L.M.$cXV.8. 959 $aBK 969 $aFSO 979 $aIANNONE$b90$c20130308$lUSA01$h1301 996 $aNuovo aggruppamento semplice e razionale dei versi e delle strofe oraziane con un'appendice sui Carmi di Catullo$91088798 997 $aUNISA